000 01316nam a2200349Ia 4500
001 dia_1787
003 CHAP
005 20240617134503.0
008 220117s1982 xx 000 0 und d
010 _a172324
020 _a968-24-1160-2 (No. 37) \ 968-24-1157-2 (No. 49) \ 968-24-1167-X (No. 36) \ 968-24-1159-9 (No. 47)
040 _cCHAP
082 _a631.3 B47 1982
100 1 _aBerlijn, Johan D.
_911826
245 _aMecánica agrícola /
_c Johan D. Berlijn ; colaboración Pieter M. Rijk...[et al.]
260 _aMéxico :
_b Trillas,
_c1982
300 _av.
440 _aManuales para educación agropecuaria
_9142161
500 _aLa biblioteca tiene los números 36, 37, 47 y 49
503 _aC/e (No. 36,37 y 49 ej.2) \ D. (No. 49)
505 _aNo.36. Elementos de maquinaria agrícola \ No.37. Motores agrícolas \ No.47. Cosechadoras de forrajes \ No.49. Desmonte y movimiento de tierra
590 _aS675 B47 1982
650 _aAgricultural machinery and equipment
_9151566
650 _aMaquinaria y equipamiento agrícola
650 _aMotores
_979095
650 _aMotors
_9151567
700 _a Rijk, Pieter M.
_9137267
901 _a631.3 B47 1982
902 _aM
905 _a5222271982 mx a 8222223322spa16
942 _cLIBRO
_2ddc
999 _c172324
_d172324